ბათუმის შოთა რუსთაველის სახელმწიფო უნივერსიტეტის ბიბლიოთეკა

Справочник корструктора-машиностроителя. Том II. (ბიბ.ჩანაწერი № 37409)

000 -LEADER
fixed length control field 00752nam a2200217Ia 4500
001 - CONTROL NUMBER
control field 3368
003 - CONTROL NUMBER IDENTIFIER
control field GE_BSU
008 - FIXED-LENGTH DATA ELEMENTS--GENERAL INFORMATION
fixed length control field 181216s||||||||xx |||||||||||||| ||und||
040 ## - CATALOGING SOURCE
Transcribing agency GE_BSU
080 ## - UNIVERSAL DECIMAL CLASSIFICATION NUMBER
Universal Decimal Classification number 621(035)+55.03
100 ## - MAIN ENTRY--PERSONAL NAME
Personal name Анурьев,В.И. Калашников,Ф.Ф. Масленников,И.М. Бутузов,А.В.
245 ## - TITLE STATEMENT
Title Справочник корструктора-машиностроителя. Том II.
245 ## - TITLE STATEMENT
Statement of responsibility, etc. Ред. тех. Е.Д.Гракова.
260 ## - PUBLICATION, DISTRIBUTION, ETC.
Place of publication, distribution, etc. М.
260 ## - PUBLICATION, DISTRIBUTION, ETC.
Name of publisher, distributor, etc. Металлургиздата.
260 ## - PUBLICATION, DISTRIBUTION, ETC.
Date of publication, distribution, etc. 1960.
300 ## - PHYSICAL DESCRIPTION
Extent 478 стр. с илл. 26 см.
300 ## - PHYSICAL DESCRIPTION
Accompanying material Табл.
653 ## - INDEX TERM--UNCONTROLLED
Uncontrolled term Справочник корструктора-машиностроителя.
942 ## - ADDED ENTRY ELEMENTS (KOHA)
Koha item type წიგნი
ეგზემპლარები
Withdrawn status Lost status Damaged status Not for loan Date acquired Barcode Date last seen Price effective from Koha item type
        2018-12-17 10315 2018-12-17 2018-12-17 წიგნი